BUBT Library Online Catalog

The Marketing Research : Project Manual (Record no. 1955)

000 -LEADER
fixed length control field 00416nam a2200157Ia 4500
008 - FIXED-LENGTH DATA ELEMENTS--GENERAL INFORMATION
fixed length control field 151213s9999 xx 000 0 und d
100 ## - MAIN ENTRY--PERSONAL NAME
Personal name Gkeb R, Jarboe
245 ## - TITLE STATEMENT
Title The Marketing Research : Project Manual
Statement of responsibility, etc. Gkeb R, Jarboe
250 ## - EDITION STATEMENT
Edition statement 4th
260 ## - PUBLICATION, DISTRIBUTION, ETC. (IMPRINT)
Place of publication, distribution, etc. Cineinnati
Name of publisher, distributor, etc. South Western Collage
Date of publication, distribution, etc. 1999
300 ## - PHYSICAL DESCRIPTION
Extent 2845 p.
650 ## - SUBJECT ADDED ENTRY--TOPICAL TERM
Topical term or geographic name as entry element Marketing
650 ## - SUBJECT ADDED ENTRY--TOPICAL TERM
Topical term or geographic name as entry element Marketing
700 ## - ADDED ENTRY--PERSONAL NAME
Personal name Gkeb R, Jarboe

No items available.

More Information About Library

Library Hours

  • Open: 9.00 am. to 9.00 pm.
  • Only Sunday: 9.00 am. to 6.00 pm.
  • Closed: Holiday

Contact to the University

Bangladesh University of Business and Technology Library

  • Mirpurl-2, 1216.
  • Phone:
  • Fax:
  • E-Mail: admin.library@bubt.edu.bd

Contact to the Library

Contact Person:

Md. Abdul Hakim Shah
Joint Librarian
PABX No:  113
Cell No: 01816332931
E-mail: official: admin.library@bubt.edu.bd
Personal: hakim.shah@bubt.edu.bd


BUBT Library

Copyright © 2021